Trophées du Football du monde entier - Statistiques

Statistiques générales
  • Ce quiz a été pris 171 fois
  • Le résultat moyen est 21 sur 56
Statistiques - réponses
Par images Réponse % Correct
Champions league
99%
Coupe du Monde
97%
Ligue 1
97%
Euro
90%
Liga
86%
Bundesliga
79%
Europa league
74%
Premier league (la BPL)
72%
Serie A
72%
Coupe de France
71%
CAN
67%
Copa America
65%
Copa del Rey
65%
Ligue des nations
65%
Ligue 2
64%
Conference league
59%
FA Cup
59%
Coupe de la ligue
58%
Coupe du Monde des clubs
56%
Coupe d'Allemagne (DFP-Pokal)
52%
Coupe d'Italie
48%
Trophée des champions
42%
Carabao Cup
35%
Supercoupe d'Europe
32%
FA community shield
31%
Supercoupe d'Espagne
31%
Copa libertadores
28%
Eredivisie
28%
Championship
27%
Coupe d'Asie
27%
MLS
25%
Coupe des Confédérations
24%
Cup Winners Cup (Coupe d'Europe des vainqueurs de coupe / coupe des coupes)
24%
Supercoupe d'Italie
24%
Serie B
22%
Ligue des champions africaine
20%
Coupe de la CAF
18%
Coupe intertoto
18%
Liga NOS
18%
Bundesliga 2
16%
Coupe du monde féminine
16%
Ligue des champions féminine
16%
Supercoupe d'Allemagne (DFLsupercup)
16%
SüperLig
14%
Euro U21
12%
Ligue des champions asiatique
12%
Botola Pro1 (Championnat Marocain)
11%
Euro U19
11%
Jupiler Pro League
10%
Copa sudamericana
7%
Coupe de France féminine
6%
D1 Artena (première division féminine)
5%
International Champions Cup
3%
Conmebol Recopa (Supercoupe Sud Américaine)
2%
Ligue des champions CONCACAF
2%
U.S. Open Cup
1%
Aucun quiz correspondant
Distribution des résultats
% des personnes avec chaque résultat
Percentile par nombre de réponses
Votre historique - résultats
Vous n’avez pas pris ce quiz